Performance of RRIC clones under Ceylon conditions (Record no. 64768)

MARC details
000 -LEADER
fixed length control field 00368nam a2200121Ia 4500
100 ## - MAIN ENTRY--AUTHOR NAME
Personal name De Silva C A
245 #0 - TITLE STATEMENT
Title Performance of RRIC clones under Ceylon conditions
260 ## - PUBLICATION, DISTRIBUTION, ETC. (IMPRINT)
Name of publisher Proceedings of the Natural Rubber Research Conference, Kuala Lumpur, 1960; p378-391
650 ## - SUBJECT ADDED ENTRY--TOPICAL TERM
Topical Term Ceylon
650 ## - SUBJECT ADDED ENTRY--TOPICAL TERM
Topical Term Hevea
942 ## - ADDED ENTRY ELEMENTS (KOHA)
Koha item type Journals
Holdings
Withdrawn status Lost status Damaged status Not for loan Home library Current library Shelving location Date acquired Koha item type
      Journals RRII Library RRII Library Rubber general 17/12/2021 Journals